Normal view
MARC view
Entry Personal Name
001 - CONTROL NUMBER
- control field: 25384
003 - CONTROL NUMBER IDENTIFIER
- control field: ARRUPE
005 - DATE AND TIME OF LATEST TRANSACTION
- control field: 20160823160126.0
008 - FIXED-LENGTH DATA ELEMENTS
- fixed length control field: 160823|| aca||aabn | a|a d
040 ## - CATALOGING SOURCE
- Original cataloging agency: ARRUPE
- Transcribing agency: ARRUPE
100 ## - HEADING--PERSONAL NAME
- Personal name: Frattin, Peter Louis
670 ## - SOURCE DATA FOUND
- Source citation: Work cat.: (ARRUPE): Frattin, Peter Louis, The matrimonial impediment of impotence , 1958